LIBRARY & INFORMATION CENTRE, KCAET, TAVANUR

ONLINE PUBLIC ACCESS CATALOGUE (OPAC)

Management of saline & waste water in agriculture (Record no. 15305)

MARC details
000 -LEADER
fixed length control field 00345nam a22001337a 4500
020 ## - INTERNATIONAL STANDARD BOOK NUMBER
ISBN 9788172339326
082 ## - DEWEY DECIMAL CLASSIFICATION NUMBER
Classification number 631.587
Item number GUP/MA
100 ## - MAIN ENTRY--AUTHOR NAME
Personal name GUPTA, S. K
245 ## - TITLE STATEMENT
Title Management of saline & waste water in agriculture
260 ## - PUBLICATION, DISTRIBUTION, ETC. (IMPRINT)
Place of publication New Delhi
Name of publisher Scientific Publishers
Year of publication 2015
300 ## - PHYSICAL DESCRIPTION
Number of Pages 316
700 ## - ADDED ENTRY--PERSONAL NAME
Personal name Gupta, I. C
942 ## - ADDED ENTRY ELEMENTS (KOHA)
Koha item type Books
Holdings
Withdrawn status Lost status Damaged status Home library Current library Date acquired Full call number Accession Number Koha item type
      KAUAET KAUAET 02/03/2018 631.587 GUP/MA 24912 Books
free website counter